[Event "GBR-ch110 Over 50"]
[Site "Hull"]
[Date "2024.08.04"]
[Round "7.17"]
[White "Wheeler, James M"]
[Black "Strugar, Ioan"]
[Result "1/2-1/2"]
[WhiteElo "1881"]
[BlackElo "1664"]
[PlyCount "51"]
[EventDate "2024.07.29"]
[EventType "swiss"]
[EventRounds "7"]
[EventCountry "GBR"]
[SourceTitle "BritBase"]
[Source "John Saunders"]
[SourceDate "2025.02.19"]
[SourceVersion "1"]
[SourceVersionDate "2025.02.19"]
[SourceQuality "1"]

1. d4 f5 2. e4 fxe4 3. Nc3 Nf6 4. Bg5 g6 5. Qd2 d5 6. O-O-O Bg4 7. Re1 h6 8. Bxf6 exf6 9. f3 Be6 10. fxe4 Be7 11. Nf3 Nc6 12. Bd3 f5 13. exd5 Bxd5 14. Nxd5 Qxd5 15. c4 Qd6 16. d5 Nb4 17. Kb1 O-O-O 18. a3 Nxd3 19. Qxd3 Bf6 20. Re2 Rhe8 21. Rhe1 Rxe2 22. Qxe2 c6 23. Qe6+ Kc7 24. Qxd6+ Rxd6 25. dxc6 Kxc6 26. Kc2 1/2-1/2

[Event "GBR-ch110 Over 50"]
[Site "Hull"]
[Date "2024.08.04"]
[Round "7.18"]
[White "Watson, Simon"]
[Black "Lynch, Chris"]
[Result "1-0"]
[WhiteElo "1780"]
[BlackElo "1595"]
[PlyCount "47"]
[EventDate "2024.07.29"]
[EventType "swiss"]
[EventRounds "7"]
[EventCountry "GBR"]
[SourceTitle "BritBase"]
[Source "John Saunders"]
[SourceDate "2025.02.19"]
[SourceVersion "1"]
[SourceVersionDate "2025.02.19"]
[SourceQuality "1"]

1. e4 c5 2. Nc3 g6 3. g3 Bg7 4. Bg2 Nc6 5. d3 d6 6. Be3 Rb8 7. Qd2 b5 8. Nd1 b4 9. c3 a5 10. Ne2 Ba6 11. f4 e6 12. O-O Nge7 13. Rf2 f5 14. exf5 exf5 15. d4 c4 16. d5 Bb7 17. dxc6 Bxc6 18. Bxc6+ Nxc6 19. Nd4 Qc7 20. Ne6 Qe7 21. Nxg7+ Qxg7 22. Qxd6 Rc8 23. Qe6+ Kd8 24. Bb6+ 1-0

[Event "GBR-ch110 Over 65"]
[Site "Hull"]
[Date "2024.07.29"]
[Round "1.1"]
[White "Habershon, Paul F"]
[Black "Chapman, Terry PD"]
[Result "0-1"]
[WhiteElo "1936"]
[BlackElo "2287"]
[PlyCount "104"]
[EventDate "2024.07.29"]
[EventType "swiss"]
[EventRounds "7"]
[EventCountry "GBR"]
[SourceTitle "BritBase"]
[Source "John Saunders"]
[SourceDate "2025.02.20"]
[SourceVersion "1"]
[SourceVersionDate "2025.02.20"]
[SourceQuality "1"]

1. e4 c6 2. d3 d5 3. Nd2 e5 4. Ngf3 Bd6 5. d4 exd4 6. Nxd4 Qe7 7. Qe2 Nf6 8. exd5 Qxe2+ 9. Bxe2 Nxd5 10. O-O O-O 11. Ne4 Be5 12. Nf3 Bc7 13. c4 f5 14. Ng3 Nf4 15. Bxf4 Bxf4 16. Rad1 Na6 17. Rd4 Bc7 18. Rfd1 c5 19. R4d2 h6 20. a3 Be6 21. Bd3 g6 22. Re2 Rfe8 23. Rde1 Bf7 24. Ne5 Bxe5 25. Rxe5 Rxe5 26. Rxe5 Rd8 27. Bf1 Rd1 28. f4 Kf8 29. Kf2 Rd2+ 30. Re2 Rd4 31. b3 Rxf4+ 32. Ke1 b6 33. Rd2 Ke7 34. Be2 Nc7 35. Bf3 Ne6 36. Ne2 Rh4 37. h3 Nd4 38. Nxd4 Rxd4 39. Rxd4 cxd4 40. Kd2 Kd6 41. Kd3 Ke5 42. g3 g5 43. b4 Bg6 44. Kd2 f4 45. gxf4+ Kxf4 46. Bb7 Be4 47. Bc8 h5 48. c5 bxc5 49. bxc5 g4 50. hxg4 hxg4 51. Bd7 g3 52. Ke1 Ke5 0-1

[Event "GBR-ch110 Over 65"]
[Site "Hull"]
[Date "2024.07.29"]
[Round "1.2"]
[White "Pritchett, Craig W"]
[Black "Myall, Ivan J"]
[Result "1-0"]
[WhiteElo "2186"]
[BlackElo "1935"]
[PlyCount "83"]
[EventDate "2024.07.29"]
[EventType "swiss"]
[EventRounds "7"]
[EventCountry "GBR"]
[SourceTitle "BritBase"]
[Source "John Saunders"]
[SourceDate "2025.02.20"]
[SourceVersion "1"]
[SourceVersionDate "2025.02.20"]
[SourceQuality "1"]

1. Nf3 d5 2. e3 Nf6 3. c4 c6 4. Nc3 e6 5. Qc2 Bd6 6. b3 Nbd7 7. Bb2 O-O 8. Be2 dxc4 9. bxc4 Qa5 10. O-O Ba3 11. Bxa3 Qxa3 12. d4 Qe7 13. e4 e5 14. d5 Nc5 15. Nd2 Ng4 16. Nb3 Nxb3 17. axb3 Qh4 18. Bxg4 Qxg4 19. f3 Qg5 20. Qf2 a6 21. Rfe1 Bd7 22. Rad1 Rfd8 23. Na4 cxd5 24. Nb6 Rab8 25. exd5 Be8 26. Qe3 Qxe3+ 27. Rxe3 f6 28. c5 g5 29. Kf2 Bb5 30. g3 Kf7 31. Rde1 Re8 32. b4 Rbd8 33. f4 gxf4 34. gxf4 exf4 35. Rxe8 Rxe8 36. Rxe8 Kxe8 37. Kf3 Kd8 38. Kxf4 Bd3 39. h4 Kc7 40. d6+ Kc6 41. Nd5 b5 42. cxb6 1-0

[Event "GBR-ch110 Over 65"]
[Site "Hull"]
[Date "2024.07.29"]
[Round "1.3"]
[White "Bellers, Chris JV"]
[Black "Kilgour, David"]
[Result "0-1"]
[WhiteElo "1933"]
[BlackElo "2165"]
[PlyCount "42"]
[EventDate "2024.07.29"]
[EventType "swiss"]
[EventRounds "7"]
[EventCountry "GBR"]
[SourceTitle "BritBase"]
[Source "John Saunders"]
[SourceDate "2025.02.20"]
[SourceVersion "1"]
[SourceVersionDate "2025.02.20"]
[SourceQuality "1"]

1. c4 g6 2. g3 Bg7 3. Bg2 c5 4. Nc3 Nc6 5. a3 e6 6. Rb1 Nge7 7. b4 cxb4 8. axb4 O-O 9. b5 Ne5 10. Qb3 Qc7 11. d3 d5 12. Ba3 dxc4 13. dxc4 Nxc4 14. Bxe7 Na5 15. Qa3 Qxc3+ 16. Kf1 Qxa3 17. Bxa3 Rd8 18. Nf3 Nc4 19. Bb4 a5 20. bxa6 Rxa6 21. h4 Rb6 0-1

[Event "GBR-ch110 Over 65"]
[Site "Hull"]
[Date "2024.07.29"]
[Round "1.4"]
[White "Norman, Kenneth I"]
[Black "Moyse, Nigel J"]
[Result "1/2-1/2"]
[WhiteElo "2108"]
[BlackElo "1930"]
[PlyCount "60"]
[EventDate "2024.07.29"]
[EventType "swiss"]
[EventRounds "7"]
[EventCountry "GBR"]
[SourceTitle "BritBase"]
[Source "John Saunders"]
[SourceDate "2025.02.20"]
[SourceVersion "1"]
[SourceVersionDate "2025.02.20"]
[SourceQuality "1"]

1. Nf3 d5 2. g3 Nf6 3. Bg2 c6 4. O-O Bf5 5. b3 e6 6. Bb2 Nbd7 7. d3 h6 8. Nbd2 Bh7 9. c4 Be7 10. Qc2 Rc8 11. a3 a5 12. Rac1 O-O 13. Qb1 Qb6 14. Qa1 Rfd8 15. Bc3 Qa6 16. b4 a4 17. c5 Ne8 18. Ne1 Bf6 19. f4 b6 20. Nef3 Bxc3 21. Qxc3 bxc5 22. bxc5 Rb8 23. Nd4 Nc7 24. N2f3 Nb5 25. Qa1 Rb7 26. Bh3 Nxd4 27. Nxd4 Rdb8 28. Qc3 Re8 29. Rb1 Reb8 30. Rbc1 Re8 1/2-1/2

[Event "GBR-ch110 Over 65"]
[Site "Hull"]
[Date "2024.07.29"]
[Round "1.5"]
[White "Spanton, Tim R"]
[Black "Clark, Robert G"]
[Result "1/2-1/2"]
[WhiteElo "1928"]
[BlackElo "2076"]
[PlyCount "113"]
[EventDate "2024.07.29"]
[EventType "swiss"]
[EventRounds "7"]
[EventCountry "GBR"]
[SourceTitle "BritBase"]
[Source "John Saunders"]
[SourceDate "2025.02.20"]
[SourceVersion "1"]
[SourceVersionDate "2025.02.20"]
[SourceQuality "1"]

1. e4 c6 2. d4 d5 3. exd5 cxd5 4. c4 Nf6 5. Nc3 Nc6 6. Nf3 g6 7. Bg5 Bg7 8. Bxf6 exf6 9. cxd5 Ne7 10. Bb5+ Bd7 11. d6 Bxb5 12. Nxb5 Qa5+ 13. Nc3 Nd5 14. Qe2+ Kd7 15. O-O Rhe8 16. Qc4 Nxc3 17. Qxf7+ Kxd6 18. Qxg7 Ne2+ 19. Kh1 Qd5 20. Qxf6+ Re6 21. Qg5 Rc8 22. Ne5 Kc7 23. Rfe1 Nxd4 24. Rac1+ Kb8 25. Rxc8+ Kxc8 26. Qf4 Nc6 27. Qf8+ Qd8 28. Qxd8+ Nxd8 29. Nf3 Rc6 30. Nd4 Rd6 31. Nb3 Nc6 32. g3 a5 33. Rc1 a4 34. Na5 Rd2 35. Nxc6 bxc6 36. Rxc6+ Kb7 37. Rc4 Rxb2 38. Rxa4 Rxf2 39. Kg1 Rc2 40. Rh4 h5 41. a4 Ra2 42. Rf4 Kc7 43. h4 Kd7 44. Rf6 g5 45. hxg5 Rxa4 46. Rh6 Rg4 47. Rxh5 Rxg3+ 48. Kf2 Ra3 49. Rh4 Ke7 50. Rf4 Ra5 51. Rg4 Kf7 52. Kg3 Kg6 53. Kh4 Ra1 54. Rg3 Ra4+ 55. Rg4 Ra1 56. Kg3 Ra5 57. Kf4 1/2-1/2

[Event "GBR-ch110 Over 65"]
[Site "Hull"]
[Date "2024.07.29"]
[Round "1.6"]
[White "Jackson, Oliver A"]
[Black "Vickery, Jim E"]
[Result "1/2-1/2"]
[WhiteElo "2075"]
[BlackElo "1923"]
[PlyCount "81"]
[EventDate "2024.07.29"]
[EventType "swiss"]
[EventRounds "7"]
[EventCountry "GBR"]
[SourceTitle "BritBase"]
[Source "John Saunders"]
[SourceDate "2025.02.20"]
[SourceVersion "1"]
[SourceVersionDate "2025.02.20"]
[SourceQuality "1"]

1. e4 Nf6 2. Nc3 e5 3. Bc4 Nc6 4. d3 Bb4 5. Bd2 Na5 6. Qe2 d6 7. O-O-O Bg4 8. f3 Nxc4 9. dxc4 Be6 10. g4 Nd7 11. Nd5 Bxd2+ 12. Qxd2 Bxd5 13. Qxd5 Qc8 14. Ne2 Nb6 15. Qd3 Qe6 16. b3 O-O-O 17. a4 Nd7 18. Nc3 Qh6+ 19. Kb1 Nc5 20. Qe2 c6 21. a5 Ne6 22. Qf2 Kb8 23. Rd2 Rd7 24. Rhd1 Rhd8 25. Ne2 Qf6 26. h4 h6 27. b4 Nf4 28. Nc1 Qe6 29. Qf1 d5 30. Nb3 dxc4 31. Nc5 Rxd2 32. Rxd2 Qe7 33. Rxd8+ Qxd8 34. Qxc4 Qe7 35. b5 Ne6 36. Nxe6 Qxe6 37. Qxe6 fxe6 38. bxc6 bxc6 39. Kb2 Kb7 40. Kc3 c5 41. Kb3 1/2-1/2

[Event "GBR-ch110 Over 65"]
[Site "Hull"]
[Date "2024.07.29"]
[Round "1.7"]
[White "Matthews, Gabriel"]
[Black "Giulian, Philip M"]
[Result "1/2-1/2"]
[WhiteElo "1917"]
[BlackElo "2070"]
[PlyCount "72"]
[EventDate "2024.07.29"]
[EventType "swiss"]
[EventRounds "7"]
[EventCountry "GBR"]
[SourceTitle "BritBase"]
[Source "John Saunders"]
[SourceDate "2025.02.20"]
[SourceVersion "1"]
[SourceVersionDate "2025.02.20"]
[SourceQuality "1"]

1. d4 e6 2. Nf3 f5 3. e3 Nf6 4. Be2 b6 5. O-O Bb7 6. c4 Be7 7. Nc3 O-O 8. b3 Ne4 9. Qc2 Nxc3 10. Qxc3 Bf6 11. Bb2 d6 12. Rad1 Nd7 13. b4 Qe7 14. Qb3 Kh8 15. Rd2 a5 16. a3 axb4 17. axb4 g6 18. Rc1 Bg7 19. c5 Bd5 20. Bc4 Bxc4 21. Qxc4 d5 22. Qe2 c6 23. Bc3 bxc5 24. bxc5 e5 25. Ra2 e4 26. Ne1 Rxa2 27. Qxa2 f4 28. exf4 Rxf4 29. Bd2 Rf8 30. Be3 Nf6 31. h3 Nh5 32. Qd2 Qc7 33. Ra1 Nf4 34. Bxf4 Rxf4 35. Ra8+ Rf8 36. Rxf8+ Bxf8 1/2-1/2

[Event "GBR-ch110 Over 65"]
[Site "Hull"]
[Date "2024.07.29"]
[Round "1.8"]
[White "James, Geoffrey H"]
[Black "Fryer, David W"]
[Result "1-0"]
[WhiteElo "2059"]
[BlackElo "1916"]
[PlyCount "59"]
[EventDate "2024.07.29"]
[EventType "swiss"]
[EventRounds "7"]
[EventCountry "GBR"]
[SourceTitle "BritBase"]
[Source "John Saunders"]
[SourceDate "2025.02.20"]
[SourceVersion "1"]
[SourceVersionDate "2025.02.20"]
[SourceQuality "1"]

1. e4 Nf6 2. e5 Nd5 3. d4 d6 4. c4 Nb6 5. exd6 cxd6 6. Nf3 g6 7. Be2 Bg7 8. O-O O-O 9. Be3 e5 10. Nc3 Bf5 11. d5 Na6 12. Rc1 Re8 13. a3 Bf8 14. b4 Nd7 15. Nb5 b6 16. Qb3 Nc7 17. Nxc7 Qxc7 18. Nh4 Qd8 19. Nxf5 gxf5 20. Bd2 f4 21. Qh3 Bg7 22. g3 Nf8 23. gxf4 exf4 24. Bd3 Qg5+ 25. Kh1 Ng6 26. Rg1 Qh4 27. Qxh4 Nxh4 28. Bxf4 Nf3 29. Rg3 Ne5 30. Bxe5 1-0

[Event "GBR-ch110 Over 65"]
[Site "Hull"]
[Date "2024.07.29"]
[Round "1.9"]
[White "Stimpson, Philip M"]
[Black "Moore, Gerald"]
[Result "0-1"]
[WhiteElo "1915"]
[BlackElo "2057"]
[PlyCount "58"]
[EventDate "2024.07.29"]
[EventType "swiss"]
[EventRounds "7"]
[EventCountry "GBR"]
[SourceTitle "BritBase"]
[Source "John Saunders"]
[SourceDate "2025.02.20"]
[SourceVersion "1"]
[SourceVersionDate "2025.02.20"]
[SourceQuality "1"]

1. d4 f5 2. Nc3 Nf6 3. Bg5 d5 4. e3 e6 5. g4 Be7 6. gxf5 exf5 7. Nf3 O-O 8. Ne5 c6 9. Bd3 Ne4 10. Bxe7 Qxe7 11. Qf3 Nd7 12. Nxd7 Bxd7 13. O-O-O b5 14. Ne2 a5 15. h4 a4 16. Nf4 a3 17. b3 Nc3 18. Rdg1 Nxa2+ 19. Kd2 Qb4+ 20. Ke2 Nc3+ 21. Kf1 a2 22. Rg5 a1=Q+ 23. Kg2 Qxh1+ 24. Kxh1 Ne4 25. Bxe4 fxe4 26. Qg3 Rf7 27. h5 Ra1+ 28. Kh2 Qe1 29. Qg2 Qf1 0-1

[Event "GBR-ch110 Over 65"]
[Site "Hull"]
[Date "2024.07.29"]
[Round "1.10"]
[White "Hewson, Brian WR"]
[Black "De Coverly, Roger D"]
[Result "1-0"]
[WhiteElo "2042"]
[BlackElo "1902"]
[PlyCount "113"]
[EventDate "2024.07.29"]
[EventType "swiss"]
[EventRounds "7"]
[EventCountry "GBR"]
[SourceTitle "BritBase"]
[Source "John Saunders"]
[SourceDate "2025.02.20"]
[SourceVersion "1"]
[SourceVersionDate "2025.02.20"]
[SourceQuality "1"]

1. Nf3 Nf6 2. g3 g6 3. Bg2 Bg7 4. c4 O-O 5. Nc3 d6 6. O-O e5 7. d4 Nc6 8. dxe5 dxe5 9. Qxd8 Rxd8 10. Nb5 Ne8 11. Bg5 f6 12. Be3 Be6 13. b3 a6 14. Nc3 Nd4 15. Ne1 Rab8 16. Rc1 Bf8 17. Nc2 b5 18. Bxd4 exd4 19. Nd5 bxc4 20. bxc4 c6 21. Nxd4 Bd7 22. Nf4 Ba3 23. Rb1 Rbc8 24. Rfd1 Nd6 25. Rb3 Nxc4 26. Nxc6 Bxc6 27. Rxd8+ Rxd8 28. Bxc6 Rd1+ 29. Kg2 Na5 30. Rxa3 Nxc6 31. Rxa6 Rc1 32. Ra8+ Kg7 33. Rc8 Rc2 34. Ne6+ Kh6 35. Nd8 Nd4 36. Rxc2 Nxc2 37. a4 Nb4 38. a5 Kg7 39. Ne6+ Kf7 40. Nc5 Ke7 41. a6 Nc6 42. Ne4 f5 43. Nc3 Na7 44. Kf3 Kd6 45. e4 fxe4+ 46. Kxe4 Ke6 47. Kf4 h6 48. h4 Kf6 49. Ke4 Ke6 50. f3 Nc8 51. Nb5 Nb6 52. a7 Na8 53. Kd4 g5 54. h5 Kd7 55. Kc5 Kd8 56. Kc6 Kc8 57. f4 1-0

[Event "GBR-ch110 Over 65"]
[Site "Hull"]
[Date "2024.07.29"]
[Round "1.11"]
[White "Collinson, Mark I"]
[Black "Burnett, Jim"]
[Result "1-0"]
[WhiteElo "1899"]
[BlackElo "2039"]
[PlyCount "55"]
[EventDate "2024.07.29"]
[EventType "swiss"]
[EventRounds "7"]
[EventCountry "GBR"]
[SourceTitle "BritBase"]
[Source "John Saunders"]
[SourceDate "2025.02.20"]
[SourceVersion "1"]
[SourceVersionDate "2025.02.20"]
[SourceQuality "1"]

1. d4 d5 2. c4 e6 3. Nf3 c6 4. g3 Nf6 5. Bg2 Be7 6. O-O O-O 7. Nc3 Nbd7 8. Nd2 b6 9. e4 Bb7 10. e5 Ne8 11. cxd5 cxd5 12. f4 Nc7 13. Nf3 b5 14. Be3 Nb6 15. b3 b4 16. Ne2 a5 17. g4 Qd7 18. f5 exf5 19. gxf5 f6 20. e6 Qb5 21. Nf4 a4 22. Rb1 axb3 23. axb3 Nc8 24. Nh4 Nd6 25. Qg4 Ne4 26. Bxe4 dxe4 27. Nh5 Ne8 28. Bh6 1-0

[Event "GBR-ch110 Over 65"]
[Site "Hull"]
[Date "2024.07.29"]
[Round "1.12"]
[White "Smith, Andrew P"]
[Black "Ramage, Colin R"]
[Result "1-0"]
[WhiteElo "2037"]
[BlackElo "1884"]
[PlyCount "96"]
[EventDate "2024.07.29"]
[EventType "swiss"]
[EventRounds "7"]
[EventCountry "GBR"]
[SourceTitle "BritBase"]
[Source "John Saunders"]
[SourceDate "2025.02.20"]
[SourceVersion "1"]
[SourceVersionDate "2025.02.20"]
[SourceQuality "1"]

1. e4 e5 2. d4 exd4 3. Qxd4 Nc6 4. Qe3 d6 5. Nc3 Nf6 6. Bd2 Be7 7. O-O-O O-O 8. Nge2 Be6 9. Nf4 Qd7 10. Ncd5 Bxd5 11. Nxd5 Nxd5 12. exd5 Ne5 13. f4 Ng6 14. Bc3 Qa4 15. Qd4 Qxd4 16. Rxd4 Bf6 17. Rc4 Bxc3 18. bxc3 b5 19. Rd4 a6 20. g3 Rfe8 21. Kd2 Re7 22. a4 bxa4 23. Rxa4 a5 24. Bb5 Nf8 25. Rha1 Nd7 26. Bxd7 Rxd7 27. Rxa5 Rxa5 28. Rxa5 Kf8 29. c4 Ke7 30. Kd3 Rd8 31. Ra7 Kd7 32. c5 dxc5 33. Kc4 Rb8 34. Kxc5 Rb2 35. c4 Rxh2 36. g4 Rh6 37. g5 Rg6 38. Kd4 f6 39. c5 fxg5 40. f5 Rf6 41. d6 Rxf5 42. Rxc7+ Kd8 43. Rxg7 Rf4+ 44. Kd5 Rf8 45. Rxg5 Rh8 46. Rg7 h5 47. Ra7 h4 48. Ra8+ Kd7 1-0

[Event "GBR-ch110 Over 65"]
[Site "Hull"]
[Date "2024.07.29"]
[Round "1.13"]
[White "Phillips, William"]
[Black "Wager, John D"]
[Result "1-0"]
[WhiteElo "1879"]
[BlackElo "2035"]
[PlyCount "119"]
[EventDate "2024.07.29"]
[EventType "swiss"]
[EventRounds "7"]
[EventCountry "GBR"]
[SourceTitle "BritBase"]
[Source "John Saunders"]
[SourceDate "2025.02.20"]
[SourceVersion "1"]
[SourceVersionDate "2025.02.20"]
[SourceQuality "1"]

1. Nf3 Nf6 2. d4 d5 3. c4 c6 4. Nc3 g6 5. e3 Bg7 6. Bd3 O-O 7. O-O Nbd7 8. cxd5 cxd5 9. b3 b6 10. Qe2 Bb7 11. Bb2 Re8 12. Rac1 a6 13. Rfd1 Qb8 14. e4 dxe4 15. Nxe4 Nxe4 16. Bxe4 Bxe4 17. Qxe4 Nf6 18. Qe5 e6 19. Qxb8 Rexb8 20. Ba3 Rc8 21. Rxc8+ Rxc8 22. Rc1 Rxc1+ 23. Bxc1 Nd5 24. Bd2 f6 25. Kf1 Bf8 26. Ke2 Kf7 27. Ne1 Bd6 28. g3 g5 29. a4 h5 30. a5 b5 31. Nd3 Ke7 32. Nc5 Bxc5 33. dxc5 Kd7 34. Kd3 e5 35. f4 gxf4 36. gxf4 Ke6 37. fxe5 fxe5 38. Ke4 Nf6+ 39. Kf3 Kd5 40. b4 Ke6 41. h3 Kf5 42. Bc3 Nd5 43. Be1 e4+ 44. Kg3 Kg5 45. Bd2+ e3 46. Be1 Kf5 47. Kf3 Ke5 48. Bg3+ Kd4 49. c6 Kd3 50. c7 Ne7 51. Be1 Nc8 52. Kf4 Ke2 53. Bh4 Kd2 54. Kg5 e2 55. Kxh5 e1=Q 56. Bxe1+ Kxe1 57. Kg6 Kd2 58. h4 Kc3 59. h5 Kxb4 60. h6 1-0

[Event "GBR-ch110 Over 65"]
[Site "Hull"]
[Date "2024.07.29"]
[Round "1.14"]
[White "Hutchinson, Paul A"]
[Black "Dennis, Nigel W"]
[Result "1-0"]
[WhiteElo "2005"]
[BlackElo "1865"]
[PlyCount "103"]
[EventDate "2024.07.29"]
[EventType "swiss"]
[EventRounds "7"]
[EventCountry "GBR"]
[SourceTitle "BritBase"]
[Source "John Saunders"]
[SourceDate "2025.02.20"]
[SourceVersion "1"]
[SourceVersionDate "2025.02.20"]
[SourceQuality "1"]

1. d4 Nf6 2. c4 g6 3. Nf3 Bg7 4. Nc3 O-O 5. Bg5 d6 6. e3 Bg4 7. Be2 Nbd7 8. h3 Bxf3 9. Bxf3 c6 10. Qd2 Qc7 11. O-O e5 12. Rfd1 exd4 13. exd4 Rfe8 14. Bf4 Rad8 15. c5 Bf8 16. b4 Qc8 17. Qb2 dxc5 18. bxc5 b5 19. a4 a6 20. axb5 axb5 21. Ra7 Nb8 22. Na2 Qe6 23. Bxb8 Rxb8 24. Nb4 Nd5 25. Bxd5 cxd5 26. Na6 Rbc8 27. Nc7 Qe2 28. Qxe2 Rxe2 29. Nxd5 Rd8 30. Nf6+ Kg7 31. Nd7 Rc2 32. Rb1 Rd2 33. Rb4 Be7 34. Ne5 Kf8 35. Nc6 Re8 36. Rxb5 Bf6 37. Rbb7 Re1+ 38. Kh2 Rxf2 39. Rxf7+ Kg8 40. Rfd7 Re8 41. Kg3 Rd2 42. d5 Rd3+ 43. Kh2 Rd2 44. d6 h5 45. Ne7+ Kf7 46. Nd5+ Ke6 47. Nxf6 Kxf6 48. h4 Ree2 49. Rf7+ Ke6 50. Rae7+ Kd5 51. Rxe2 Rxe2 52. d7 1-0

[Event "GBR-ch110 Over 65"]
[Site "Hull"]
[Date "2024.07.29"]
[Round "1.15"]
[White "Procter, Colin S"]
[Black "Binks, Michael E"]
[Result "1/2-1/2"]
[WhiteElo "1864"]
[BlackElo "2003"]
[PlyCount "72"]
[EventDate "2024.07.29"]
[EventType "swiss"]
[EventRounds "7"]
[EventCountry "GBR"]
[SourceTitle "BritBase"]
[Source "John Saunders"]
[SourceDate "2025.02.20"]
[SourceVersion "1"]
[SourceVersionDate "2025.02.20"]
[SourceQuality "1"]

1. c3 Nf6 2. d4 d5 3. Bf4 c6 4. e3 Bf5 5. Qb3 Qb6 6. Nd2 e6 7. h3 Nbd7 8. Ngf3 Be7 9. Be2 O-O 10. Nh4 Bg6 11. Nxg6 hxg6 12. O-O Rfe8 13. c4 Qxb3 14. Nxb3 Rac8 15. Rac1 Bd8 16. Rfd1 Bc7 17. Bxc7 Rxc7 18. Bf3 Nb6 19. cxd5 exd5 20. Nd2 Nc8 21. Nb1 Nd6 22. Nc3 Rce7 23. b3 Nfe4 24. Bxe4 Nxe4 25. Nxe4 Rxe4 26. b4 a6 27. a4 f5 28. Rb1 f4 29. exf4 Rxf4 30. b5 axb5 31. axb5 Re2 32. f3 Rf6 33. bxc6 bxc6 34. Kf1 Rc2 35. Rbc1 Rb2 36. Rb1 Rc2 1/2-1/2

[Event "GBR-ch110 Over 65"]
[Site "Hull"]
[Date "2024.07.29"]
[Round "1.16"]
[White "Jackson, Sheila"]
[Black "Pugh, Glyn D"]
[Result "1/2-1/2"]
[WhiteElo "1988"]
[BlackElo "1856"]
[PlyCount "77"]
[EventDate "2024.07.29"]
[EventType "swiss"]
[EventRounds "7"]
[EventCountry "GBR"]
[SourceTitle "BritBase"]
[Source "John Saunders"]
[SourceDate "2025.02.20"]
[SourceVersion "1"]
[SourceVersionDate "2025.02.20"]
[SourceQuality "1"]

1. e4 d5 2. exd5 Qxd5 3. Nc3 Qa5 4. d4 Nf6 5. Nf3 Bf5 6. Bc4 e6 7. Bd2 Bb4 8. a3 Bxc3 9. Bxc3 Qb6 10. Qe2 O-O 11. O-O-O Nc6 12. Ne5 Rad8 13. Nxc6 bxc6 14. f3 Nd5 15. Bxd5 exd5 16. Rhe1 h6 17. g4 Bg6 18. h4 h5 19. gxh5 Bxh5 20. Bb4 Rfe8 21. Qxe8+ Rxe8 22. Rxe8+ Kh7 23. Bc5 Qb5 24. Re3 Qb8 25. Rg1 Qd8 26. Be7 Qd7 27. Rg3 c5 28. Bxc5 Qb5 29. Rg1 Qa6 30. Kd2 Qf6 31. Rh1 Qf4 32. Rh3 Qf5 33. Rh1 Qf4 34. c3 Qg3 35. Rhe1 Bxf3 36. Be7 Qg2+ 37. Kc1 Be4 38. R3e2 Qg3 39. Rxe4 1/2-1/2

[Event "GBR-ch110 Over 65"]
[Site "Hull"]
[Date "2024.07.29"]
[Round "1.17"]
[White "Georgiou, Denis"]
[Black "Guilfoyle, John M"]
[Result "0-1"]
[WhiteElo "1854"]
[BlackElo "1987"]
[PlyCount "84"]
[EventDate "2024.07.29"]
[EventType "swiss"]
[EventRounds "7"]
[EventCountry "GBR"]
[SourceTitle "BritBase"]
[Source "John Saunders"]
[SourceDate "2025.02.20"]
[SourceVersion "1"]
[SourceVersionDate "2025.02.20"]
[SourceQuality "1"]

1. e4 c5 2. Nf3 Nc6 3. d4 cxd4 4. Nxd4 Nf6 5. Nc3 e5 6. Ndb5 d6 7. Nd5 Nxd5 8. exd5 Nb8 9. c4 Be7 10. Be3 a6 11. Nc3 O-O 12. Qd2 f5 13. f4 exf4 14. Bxf4 g5 15. Be3 Bf6 16. Bd4 Re8+ 17. Be2 f4 18. O-O-O Bf5 19. Bxf6 Qxf6 20. Bd3 Nd7 21. Bxf5 Qxf5 22. Qd3 Qxd3 23. Rxd3 Nc5 24. Rdd1 Re3 25. Kc2 Rae8 26. Rd2 b6 27. Rf1 Ne4 28. Nxe4 R8xe4 29. b3 Kg7 30. Rff2 Kg6 31. Kd1 g4 32. Rde2 Kf5 33. Rxe3 Rxe3 34. Re2 Rxe2 35. Kxe2 Ke4 36. Kd2 a5 37. Ke2 Kd4 38. Kd2 f3 39. gxf3 gxf3 40. h4 f2 41. Ke2 Kc3 42. h5 Kb2 0-1

[Event "GBR-ch110 Over 65"]
[Site "Hull"]
[Date "2024.07.29"]
[Round "1.18"]
[White "Dilleigh, Stephen P"]
[Black "Tidmarsh, David A"]
[Result "1-0"]
[WhiteElo "1985"]
[BlackElo "1839"]
[PlyCount "51"]
[EventDate "2024.07.29"]
[EventType "swiss"]
[EventRounds "7"]
[EventCountry "GBR"]
[SourceTitle "BritBase"]
[Source "John Saunders"]
[SourceDate "2025.02.20"]
[SourceVersion "1"]
[SourceVersionDate "2025.02.20"]
[SourceQuality "1"]

1. Nf3 d5 2. d4 Bf5 3. c4 e6 4. Nc3 Nc6 5. Bg5 Be7 6. Bxe7 Ngxe7 7. e3 O-O 8. Rc1 h6 9. Be2 Rb8 10. O-O Kh8 11. a3 Ng8 12. b4 Nce7 13. cxd5 exd5 14. Ne5 c6 15. Bd3 Bxd3 16. Qxd3 f6 17. Nf3 Qd7 18. Rb1 b5 19. a4 a6 20. a5 Nc8 21. e4 Nge7 22. e5 Qf5 23. Qxf5 Nxf5 24. Ne2 Re8 25. Rbc1 Nce7 26. g4 1-0

[Event "GBR-ch110 Over 65"]
[Site "Hull"]
[Date "2024.07.29"]
[Round "1.19"]
[White "Clancy, Martin J"]
[Black "Hughes, Roy"]
[Result "0-1"]
[WhiteElo "1815"]
[BlackElo "1980"]
[PlyCount "108"]
[EventDate "2024.07.29"]
[EventType "swiss"]
[EventRounds "7"]
[EventCountry "GBR"]
[SourceTitle "BritBase"]
[Source "John Saunders"]
[SourceDate "2025.02.20"]
[SourceVersion "1"]
[SourceVersionDate "2025.02.20"]
[SourceQuality "1"]

1. e4 d5 2. exd5 Qxd5 3. Nc3 Qd6 4. d4 Nf6 5. Nf3 c6 6. h3 Bf5 7. g3 e6 8. Bg2 Nbd7 9. O-O Qc7 10. Bf4 Bd6 11. Bxd6 Qxd6 12. Qe2 O-O 13. Rfd1 h6 14. Ne5 Nb6 15. Ne4 Nxe4 16. Bxe4 Bxe4 17. Qxe4 Qb4 18. Nd3 Qe7 19. Re1 Rfd8 20. Rad1 Qf6 21. Nc5 Rab8 22. Re3 Nd5 23. Rf3 Qg5 24. c3 Qh5 25. Kg2 Nf6 26. Qc2 Nh7 27. g4 Qh4 28. Re1 Rd5 29. Re5 Qd8 30. Rfe3 Nf6 31. f4 b6 32. Nd3 c5 33. Rf3 cxd4 34. c4 Rc8 35. Qa4 Rd7 36. g5 hxg5 37. Rxg5 Ne4 38. Rh5 g6 39. Re5 Nc5 40. Qd1 Nxd3 41. Qxd3 Rc5 42. Re4 Rf5 43. Rg3 Qf6 44. Qd2 e5 45. fxe5 Rxe5 46. Rxe5 Qxe5 47. Rd3 Qe4+ 48. Kh2 Kg7 49. a4 a5 50. Qd1 g5 51. Rg3 Kg6 52. Rg4 Qe5+ 53. Rg3 f5 54. Kg2 d3 0-1